000 00285nam a22000977a 4500
008 160505b xxu||||| |||| 00| 0 eng d
041 _aeng
080 _a612.39
245 _aUdhezime praktike per menaxhimin dhe parandalimin e shputes diabetike:
_cDr. Luan Golalnternist;
942 _2udc
_cBK
999 _c1834
_d1834